ბათუმის შოთა რუსთაველის სახელმწიფო უნივერსიტეტის ბიბლიოთეკა

ღვინისა და კონიაკის ქარხნების მანქანა-აპარატები. (ბიბ.ჩანაწერი № 39229)

000 -LEADER
fixed length control field 00797nam a2200205Ia 4500
001 - CONTROL NUMBER
control field 5815
003 - CONTROL NUMBER IDENTIFIER
control field GE_BSU
008 - FIXED-LENGTH DATA ELEMENTS--GENERAL INFORMATION
fixed length control field 181216s||||||||xx |||||||||||||| ||und||
040 ## - CATALOGING SOURCE
Transcribing agency GE_BSU
080 ## - UNIVERSAL DECIMAL CLASSIFICATION NUMBER
Universal Decimal Classification number 663.255(075.8)+663.241
100 ## - MAIN ENTRY--PERSONAL NAME
Personal name მესარქიშვილი,ს.
245 ## - TITLE STATEMENT
Title ღვინისა და კონიაკის ქარხნების მანქანა-აპარატები.
245 ## - TITLE STATEMENT
Remainder of title სახელმძღვ.
260 ## - PUBLICATION, DISTRIBUTION, ETC.
Place of publication, distribution, etc. თბ.
260 ## - PUBLICATION, DISTRIBUTION, ETC.
Name of publisher, distributor, etc. განათლება.
260 ## - PUBLICATION, DISTRIBUTION, ETC.
Date of publication, distribution, etc. 1973.
300 ## - PHYSICAL DESCRIPTION
Extent 348გვ;27სმ;ილ;ბიბლიოგრ.:გვ.343.
653 ## - INDEX TERM--UNCONTROLLED
Uncontrolled term ღვინისა და კონიაკის ქარხნების მანქანა-აპარატები.
942 ## - ADDED ENTRY ELEMENTS (KOHA)
Koha item type წიგნი
ეგზემპლარები
Withdrawn status Lost status Damaged status Not for loan Date acquired Barcode Date last seen Price effective from Koha item type
        2018-12-17 11790 2018-12-17 2018-12-17 წიგნი
        2018-12-17 11791 2018-12-17 2018-12-17 წიგნი